00283nam a2200109Ia 4500008004100000100001800041245004300059250000800102260003900110300000800149650001600157191201s2003 xx 000 0 und d aWOOD, Allen J 0aPower Generation Operation and Control a2nd aN.DelhibJohn Wiley and Sonsc2003 a569 aB.Tech(ECE)